000
00393nam a2200145Ia 4500
008
100204s9999 xx 000 0 und d
082
_b
15132
100
_a
राजे शैलजा
245
_a
इभ्रत
260
_b
"अमोल प्रकाशन, पुणे"
_c
1991
300
_a
153
630
_a
इभ्रत
730
_a
इभ्रत
942
_c
BOOK
999
_c
459563
_d
459560